000 00352nam a2200121Ia 4500
008 190723s9999 xx 000 0 und d
020 _a978-1-78017-290-3
100 _aRobina Chatham
245 4 _aThe Art of IT Management Practical tools,techniques and people skills
260 _aNew Delhi
_bViva Publishing
_c2015
300 _a176.:P
942 _cBK
999 _c1395
_d1395